Diseño de una propuesta de evaluación de la calidad pedagógica del cuerpo docente de la Universidad Católica de El Salvador, Centro Regional de Ilobasco, 2009 - 2010. (Registro nro. 26723)

Detalles MARC
000 -CABECERA
Longitud fija campo de control 00839nam a22001937a 4500
003 - IDENTIFICADOR DELl NÚMERO DE CONTROL
Identificador del número de control OSt
005 - FECHA Y HORA DE LA ÚLTIMA TRANSACCIÓN
Fecha y hora de la última transacción 20161201095928.0
008 - CÓDIGOS DE INFORMACIÓN DE LONGITUD FIJA
Códigos de información de longitud fija 161130b xxu||||| |||| 00| 0 eng d
040 ## - FUENTE DE LA CATALOGACIÓN
Centro transcriptor CRI
082 ## - NÚMERO DE LA CLASIFICACIÓN DECIMAL DEWEY
Númeroo de clasificación 370
100 1# - PUNTO DE ACCESO PRINCIPAL-NOMBRE DE PERSONA
9 (RLIN) 40556
Nombre de persona Escobar Morales, Mercedes Yessenia
245 3# - MENCIÓN DE TÍTULO
Título Diseño de una propuesta de evaluación de la calidad pedagógica del cuerpo docente de la Universidad Católica de El Salvador, Centro Regional de Ilobasco, 2009 - 2010.
Mención de responsabilidad, etc. Escobar Morales Mercedes Yessenia, Flores de Rivas Mirian Mercedes
260 ## - PUBLICACIÓN, DISTRIBUCIÓN, ETC. (PIE DE IMPRENTA)
Lugar de publicación, distribución, etc. Ilobasco (San Salvador)
Nombre del editor, distribuidor, etc. Universidad Católica de El Salvador CRI
Fecha de publicación, distribución, etc. 2010
300 ## - DESCRIPCIÓN FÍSICA
Extensión 53 p.
Otras características físicas il.
Dimensiones 28 cm
502 ## - NOTA DE TESIS
Nota de tesis Para optar al Grado Académico de: Maestra en asesoría educativa
650 #0 - PUNTO DE ACCESO ADICIONAL DE MATERIA - TÉRMINO DE MATERIA
9 (RLIN) 472
Término de materia o nombre geográfico como elemento inicial Educación
700 1# - PUNTO DE ACCESO ADICIONAL - NOMBRE DE PERSONA
9 (RLIN) 40557
Nombre de persona Flores de Rivas, Mirian Mercedes
942 ## - ENTRADA DE ELEMENTOS AGREGADOS (KOHA)
Fuente de clasificaión o esquema Dewey Decimal Classification
Koha [por defecto] tipo de item 4- Trabajo de Graduación
Parte de clasificación prozim
Existencias
Suprimido Perdido Fuente de clasificación o esquema Estropeado Restricciones de uso No para préstamo Código de colección Localización permanente Localización actual Localización en estanter&íacute;as Fecha adquisición Fuente de adquisición Número de inventario Préstamos totales Signatura completa Código de barras Fecha última consulta Fecha último préstamo Fecha del precio de reemplazo Tipo de item de Koha
NULL NULL Dewey Decimal Classification NULL Prestable NULL NULL Biblioteca Centro Regional de Ilobasco Biblioteca Centro Regional de Ilobasco Sala Principal 15/06/2016 CRI 000072 3 PR-000072 1039943 13/12/2019 31/08/2019 01/12/2016 4- Trabajo de Graduación